| 000 | 00757nam a2200241Ia 4500 | ||
|---|---|---|---|
| 005 | 20240530101959.0 | ||
| 008 | 140319s xx 000 0 ara d | ||
| 040 |
_aGCL / _cGCL |
||
| 082 | 0 | 4 |
_a414.5 / _bن ن |
| 100 | 1 | _aنعيم علوية | |
| 245 | 1 | 0 |
_aنحو الصوت ونحو المعنى / _cنعيم علوية |
| 250 | _aالاولى | ||
| 260 |
_aبيروت : _bالمركز الثقافى العربى ، _c1992 |
||
| 300 |
_a157 ص؛ _c24 سم |
||
| 490 | _aلسانيات | ||
| 650 | 0 | 4 | _aاللغات |
| 650 | 0 | 4 | _aاللغة العربية |
| 650 | 0 | 4 | _aالبلاغة العربية |
| 650 | 0 | 4 | _aالاصوات |
| 650 | 0 | 4 | _aالاصوات البلاغية |
| 942 |
_2ddc _cBK |
||
| 999 |
_c29158 _d29158 |
||